Т. 1: Рубрикатор научно-технической информации (ГРНТИ); Государственный классификатор НТИ

Détails bibliographiques
Parent link:Государственный классификатор НТИ: в 2 т./ Российская академия наук (РАН), Всероссийский институт научной и технической информации (ВИНИТИ); под ред. Ю. М. Арского. Т. 1: Рубрикатор научно-технической информации (ГРНТИ).— 6-е изд..— , 2007
Langue:russe
Publié: 2007
Sujets:
Format: Livre
KOHA link:https://koha.lib.tpu.ru/cgi-bin/koha/opac-detail.pl?biblionumber=152284

MARC

LEADER 00000nam2a2200000 4500
001 152284
005 20231101221619.0
010 |a 9785945770393 
035 |a (RuTPU)RU\TPU\book\165114 
090 |a 152284 
100 |a 20090129d2007 k y0rusy50 ca 
101 0 |a rus 
102 |a RU 
105 |a a l 000zy 
200 0 |a Т. 1: Рубрикатор научно-технической информации (ГРНТИ) 
210 |d 2007 
215 |a 240 с. 
461 1 |0 (RuTPU)RU\TPU\book\171698  |t Государственный классификатор НТИ  |o в 2 т.  |f Российская академия наук (РАН), Всероссийский институт научной и технической информации (ВИНИТИ); под ред. Ю. М. Арского  |v Т. 1: Рубрикатор научно-технической информации (ГРНТИ)  |e 6-е изд.  |d 2007 
606 1 |a Научно-техническая информация (ГРНТИ)  |x Рубрикаторы  |2 stltpush  |3 (RuTPU)RU\TPU\subj\67932  |9 83524 
610 1 |a информация 
610 1 |a ГОСНТИ 
610 1 |a государственные стандарты научно-технической информации 
610 1 |a классификаторы 
610 1 |a ГРНТИ 
686 |a Ч234(2)  |v LBC/SL-A  |2 rubbk 
801 1 |a RU  |b 63413507  |c 20090129  |g PSBO 
801 2 |a RU  |b 63413507  |c 20090421  |g PSBO 
942 |c BK 
959 |a 13/20090129  |d 1  |e 767,00  |f НМО:1